00489nam a22001457a 450000500170000002000220001703500110003903700130005010000190006324501380008226000490022030000240026970000220029370000280031520120213132422.0 a0074636928c00.00 aB-7098 aDPLbENG aKinnaman, Dave aWindows NT server 4.0 in the enterprise :bAccelerated MCSE study guide /cby Dave Kinnaman, Theresa Hadden and Patrick Terrance Neal aNew DelhibTata McGraw-Hill Publishingc1999 axii, 366p.c18 cms. a Hadden, Theresa  aNeal, Patrick Terrance